000 00682nam a2200265Ia 4500
005 20260324153112.0
008 008 260324s9999 xx 000 0 eng d
020 _a9780080999487
037 _aEBOOK
040 _aCRL
040 _beng
040 _cCRL
041 _2eng
041 _aeng
084 _qCRL
100 _aBaalousha, Mohammed
_91230596
245 0 _aCharacterization of Nanomaterials in Complex Environmental and Biological Media
260 _bElsevier
260 _c2015
650 _aMaterials Science
856 _uhttps://www.sciencedirect.com/science/book/9780080999487
942 _cEBOOK
999 _c1841787
_d1841787